000
00292nam a22001337a 4500
008
180814b xxu||||| |||| 00| 0 eng d
020
_a
9780471435709
041
_a
eng
080
_2
7 ED
_a
338
100
_a
53
101
_a
MAN
245
_a
MANAGEMENT
_c
SCHERMERHORN
942
_2
udc
_c
BK
999
_c
47140
_d
47140